MARC details
| 000 -LEADER |
| campo de control de longitud fija |
01872nam a22003975i 4500 |
| 001 - NÚMERO DE CONTROL |
| campo de control |
162308 |
| 003 - IDENTIFICADOR DE NÚMERO DE CONTROL |
| campo de control |
ES-MaACL |
| 005 - FECHA Y HORA DE LA ÚLTIMA TRANSACCIÓN |
| campo de control |
20251013215432.0 |
| 008 - DATOS DE LONGITUD FIJA--INFORMACIÓN GENERAL |
| campo de control de longitud fija |
040908s1801 fr af |||| | fre d |
| 040 ## - FUENTE DE CATALOGACIÓN |
| Centro catalogador/agencia de origen |
CAM |
| Lengua de catalogación |
spa |
| Centro/agencia transcriptor |
CAM |
| 100 0# - ENTRADA PRINCIPAL--NOMBRE DE PERSONA |
| Nombre de persona |
Plutarco |
| 9 (RLIN) |
92678 |
| 245 14 - MENCIÓN DEL TÍTULO |
| Título |
Les vies des hommes illustres / |
| Mención de responsabilidad, etc. |
de Plutarque ; traduites du grec par Amyot ; avec des notes et des observations par Brotier et Vauvilliers ; tome premier. |
| 250 ## - MENCION DE EDICION |
| Mención de edición |
Nouvelle éd. |
| Resto de la mención de edición |
revue, corrigée et augmentée par E. Clavier. |
| 260 ## - PUBLICACIÓN, DISTRIBUCIÓN, ETC. |
| Lugar de publicación, distribución, etc. |
A Paris : |
| Nombre del editor, distribuidor, etc. |
de l'imprimerie de Cussac, |
| Fecha de publicación, distribución, etc. |
An IX [1801] |
| 300 ## - DESCRIPCIÓN FÍSICA |
| Extensión |
LVI, 420 p., [2] h. de grab. : |
| Otras características físicas |
il. ; |
| Dimensiones |
20 cm. |
| 505 8# - NOTA DE CONTENIDO CON FORMATO |
| Nota de contenido con formato |
Contiene : Theseus, Romulus, Lycurgus, Numa Pompilius, Solon, Publicola |
| 594 ## - Nota al título y mención de responsabilidad |
| Nota al título y mención de responsabilidad |
Tít. en antep.: "Oeuvres de Plutarque" |
| 595 ## - |
| -- |
Dato de ed. precede a mención de parte. |
| 596 ## - NOTA AL PIE DE IMPRENTA |
| NOTA AL PIE DE IMPRENTA |
Marca tip. en port. |
| 597 ## - NOTA DE DESCRIPCIÓN FÍSICA |
| NOTA DE DESCRIPCIÓN FÍSICA |
Sign.: a-c8, d4, A-Z8, 2A-2C8, 2D2. |
| 599 ## - NOTA A LAS ILUSTRACIONES |
| NOTA A LAS ILUSTRACIONES |
Front. calc. alegórico : "Le Barbier del., C.S. Gaucher incid 1783" |
| 599 ## - NOTA A LAS ILUSTRACIONES |
| NOTA A LAS ILUSTRACIONES |
La h. de grab. calc.: "J.M. Moreau le jeune del., 1783, L.M. Halbou sculp.", Licurgo hace reconocer a su sobrino Rey de Lacedemonia. |
| 599 ## - NOTA A LAS ILUSTRACIONES |
| NOTA A LAS ILUSTRACIONES |
Las il. xil., medallas con los retratos de los biografiados. |
| 600 04 - PUNTO DE ACCESO ADICIONAL DE MATERIA--NOMBRE DE PERSONA |
| Nombre de persona |
Rómulo, |
| Títulos y otros términos asociados al nombre |
Rey de Roma |
| 9 (RLIN) |
149930 |
| 600 04 - PUNTO DE ACCESO ADICIONAL DE MATERIA--NOMBRE DE PERSONA |
| Nombre de persona |
Licurgo |
| 9 (RLIN) |
72207 |
| 600 07 - PUNTO DE ACCESO ADICIONAL DE MATERIA--NOMBRE DE PERSONA |
| Nombre de persona |
Numa Pompilio, |
| Títulos y otros términos asociados al nombre |
Rey de Roma |
| Fuente del encabezamiento o término |
embne-TB |
| 9 (RLIN) |
149931 |
| 600 17 - PUNTO DE ACCESO ADICIONAL DE MATERIA--NOMBRE DE PERSONA |
| Nombre de persona |
Solón de Atenas, |
| Fechas asociadas al nombre |
ca. 638-558 a.C. |
| Fuente del encabezamiento o término |
embne |
| 9 (RLIN) |
132811 |
| 600 04 - PUNTO DE ACCESO ADICIONAL DE MATERIA--NOMBRE DE PERSONA |
| Nombre de persona |
Agrícola. |
| 9 (RLIN) |
125553 |
| 650 07 - PUNTO DE ACCESO ADICIONAL DE MATERIA--TÉRMINO DE MATERIA |
| Término de materia o nombre geográfico como elemento de entrada |
Teseo (Personaje mitológico) |
| Fuente del encabezamiento o término |
embne |
| 9 (RLIN) |
223637 |
| 700 1# - ENTRADA AGREGADA--NOMBRE PERSONAL |
| Nombre de persona |
Amyot, Jacques. |
| 9 (RLIN) |
125662 |
| 700 1# - ENTRADA AGREGADA--NOMBRE PERSONAL |
| Nombre de persona |
Vauvilliers, Jean François. |
| 9 (RLIN) |
133574 |
| 700 1# - ENTRADA AGREGADA--NOMBRE PERSONAL |
| Nombre de persona |
Brotier, Gabriel, |
| Fechas asociadas al nombre |
1723-1789 |
| 9 (RLIN) |
149971 |
| 700 1# - ENTRADA AGREGADA--NOMBRE PERSONAL |
| Nombre de persona |
Clavier, Etienne, |
| Fechas asociadas al nombre |
1762-1817 |
| 9 (RLIN) |
149972 |
| 852 ## - LOCALIZACIÓN |
| Ubicación |
ES-MaACL |
| Número de control de estantería |
G-9429 |
| Nota libre |
-- Enc. pasta española |
| -- |
-- Ex-libris ms. del Licenciado Valdés |